000 00713nam a22002537a 4500
003 UA-OsUOA
001 43012
007 ta
008 20061204b un ||||| |||| 00| 0 ukr d
100 _aСтернин И.А.
090 _a808.5(075.8)
_bС79
942 _cBK
040 _aUA-OsUOA
_brus
_cUA-OsUOA
_dUA-OsUOA
245 _aПрактическая риторика
300 _a272 с.
955 _a2
041 _arus
080 _a808.5(075.8)
020 _a5-7695-3192-4
260 _aМ.
_bАкадемия
_c2006
250 _n3-е изд., испр.
650 7 _a80 Загальні питання лінгвістики, літератури. Філологія
_2UDC
999 _c329142
_d329142